000 00349nam a22001577a 4500
003 macl
005 20170107163722.0
008 170107b xxu||||| |||| 00| 0 eng d
040 _cmacl
082 _a330
100 _aNCERT
_94590
245 _aEconomics Class lX
260 _aDelhi
_bNCERT
_c2006
650 _aEco
_922861
942 _2ddc
_cBK
_k330
999 _c55762
_d55762